Sports Quiz

Random Sports or MLB Quiz

S.F. Giants leaders for Total Bases since 1975 Quiz Stats

 Plays Quiz not verified by Sporcle

Challenge
Share
Tweet
Embed
Score 0/42 Timer 05:00
0 Plays Today
Year Player % Correct
2004Barry Bonds
100%
2003Barry Bonds
100%
2001Barry Bonds
100%
1998Barry Bonds
100%
1997Barry Bonds
100%
1996Barry Bonds
100%
1995Barry Bonds
100%
1993Barry Bonds
100%
2015Buster Posey
98.1%
2012Buster Posey
97.6%
2002Jeff Kent
97.3%
2000Jeff Kent
97.3%
1999Jeff Kent
97.3%
1992Will Clark
91.2%
1991Will Clark
91.2%
1988Will Clark
91.2%
1987Will Clark
91.2%
1982Jack Clark
91.2%
1981Jack Clark
91.2%
1979Jack Clark
91.2%
1978Jack Clark
91.2%
Year Player % Correct
2011Pablo Sandoval
90.5%
2009Pablo Sandoval
90.5%
1989Kevin Mitchell
83.7%
2014Hunter Pence
81.4%
2013Hunter Pence
81.4%
1994Matt Williams
76.9%
1990Matt Williams
76.9%
1977Willie McCovey
76.3%
2010Aubrey Huff
58.3%
1986Chili Davis
39%
1985Jeffrey Leonard
39%
1984Chili Davis
39%
1983Darrell Evans
28.8%
1980Darrell Evans
28.8%
2006Ray Durham
24.7%
2008Randy Winn
22.7%
2007Randy Winn
22.7%
1976Gary Matthews
20.3%
2005Pedro Feliz
19%
1975 (tie)Bobby Murcer
15.9%
1975 (tie)Von Joshua
2.7%

You're not logged in!

Compare scores with friends on all Sporcle quizzes.
Join for Free
OR
Log In

You Might Also Like...

Show Comments

Extras

Top Quizzes Today


Score Distribution

Your Account Isn't Verified!

In order to create a playlist on Sporcle, you need to verify the email address you used during registration. Go to your Sporcle Settings to finish the process.

Report this User

Report this user for behavior that violates our Community Guidelines.

Details: